<?xml version="1.0" encoding="UTF-8"?>
<record
    xmlns:xsi="http://www.w3.org/2001/XMLSchema-instance"
    xsi:schemaLocation="http://www.loc.gov/MARC21/slim http://www.loc.gov/standards/marcxml/schema/MARC21slim.xsd"
    xmlns="http://www.loc.gov/MARC21/slim">

  <leader>03571nam a2200337 a 4500</leader>
  <controlfield tag="001">ebr10235091</controlfield>
  <controlfield tag="003">CaPaEBR</controlfield>
  <controlfield tag="006">m        u        </controlfield>
  <controlfield tag="007">cr cn|||||||||</controlfield>
  <controlfield tag="008">080117s2008    hu a    sb    001 0 eng d</controlfield>
  <datafield tag="010" ind1=" " ind2=" ">
    <subfield code="z">  2008001200</subfield>
  </datafield>
  <datafield tag="020" ind1=" " ind2=" ">
    <subfield code="z">9789639776166 (cloth : alk. paper)</subfield>
  </datafield>
  <datafield tag="020" ind1=" " ind2=" ">
    <subfield code="z">9639776165 (cloth : alk. paper)</subfield>
  </datafield>
  <datafield tag="040" ind1=" " ind2=" ">
    <subfield code="a">CaPaEBR</subfield>
    <subfield code="c">CaPaEBR</subfield>
  </datafield>
  <datafield tag="035" ind1=" " ind2=" ">
    <subfield code="a">(OCoLC)232568858</subfield>
  </datafield>
  <datafield tag="050" ind1="1" ind2="4">
    <subfield code="a">HB501</subfield>
    <subfield code="b">.K584 2008eb</subfield>
  </datafield>
  <datafield tag="082" ind1="0" ind2="4">
    <subfield code="a">320.9171/7</subfield>
    <subfield code="2">22</subfield>
  </datafield>
  <datafield tag="100" ind1="1" ind2=" ">
    <subfield code="a">Kornai, J&#xFFFD;anos.</subfield>
  </datafield>
  <datafield tag="245" ind1="1" ind2="0">
    <subfield code="a">From socialism to capitalism</subfield>
    <subfield code="h">[electronic resource] :</subfield>
    <subfield code="b">eight essays /</subfield>
    <subfield code="c">J&#xFFFD;anos Kornai.</subfield>
  </datafield>
  <datafield tag="260" ind1=" " ind2=" ">
    <subfield code="a">Budapest ;</subfield>
    <subfield code="a">New York :</subfield>
    <subfield code="b">Central European University Press,</subfield>
    <subfield code="c">2008.</subfield>
  </datafield>
  <datafield tag="300" ind1=" " ind2=" ">
    <subfield code="a">xvi, 240 p. :</subfield>
    <subfield code="b">ill.</subfield>
  </datafield>
  <datafield tag="504" ind1=" " ind2=" ">
    <subfield code="a">Includes bibliographical references (p. 211-224) and indexes.</subfield>
  </datafield>
  <datafield tag="505" ind1="0" ind2=" ">
    <subfield code="a">Preface -- The coherence of the classical system -- Introduction -- The main line of causality -- The affinity among elements of the system -- The prototype and the national variations -- The Soviet effect -- Verification -- The viability of the classical system -- The inner contradictions of reform socialism -- Introduction -- Transformation without a strategy -- The evolution of a private sector -- The persistence of bureaucracy -- Alternative forms of social organization -- The weakness of "third forms" -- Normative implications -- Market socialism? Socialist market economy? -- Introduction -- Interpretation of the term "market" -- Interpretation 1: Marx's concept -- Interpretation 2: The Walrasian concept -- Interpretation 3: The Leninist concept -- Interpretation 4: The social democratic concept -- Interpretation 5: What are the current Chinese and Vietnamese interpretations of "socialism"? -- The speed of transformation -- Introduction -- Ownership reform and development of the private sector -- Macroeconomic stability -- Conclusion -- The great transformation of Central Eastern Europe: success and disappointment -- Introduction -- In the context of world history -- From the perspective of everyday life -- The tasks of the economists' profession -- What does "change of system" mean? -- Introduction -- Positive versus normative approach -- A positive approach to the change of system -- A positive approach to changing the political structure -- The reception of capitalism and democracy: a normative approach -- "Replacing the elite" and "dispensing justice": a normative approach -- Concluding remarks -- Appendix: The transformation of China -- What can countries embarking on post-socialist transformation learn from the experiences so far? -- Introduction -- Starting points -- Some lessons -- Concluding remarks -- Appendix -- The system paradigm -- Introduction -- A system paradigm, not a transformational paradigm -- A brief intellectual history -- The main attributes of the system paradigm -- Post-socialist transformation: the great challenge -- Some other puzzles -- Failures of prediction -- Appendix: On segregation of the social science -- Previous publications of the studies in this volume -- References -- Name index -- Subject index.</subfield>
  </datafield>
  <datafield tag="533" ind1=" " ind2=" ">
    <subfield code="a">Electronic reproduction.</subfield>
    <subfield code="b">Palo Alto, Calif. :</subfield>
    <subfield code="c">ebrary,</subfield>
    <subfield code="d">2013.</subfield>
    <subfield code="n">Available via World Wide Web.</subfield>
    <subfield code="n">Access may be limited to ebrary affiliated libraries.</subfield>
  </datafield>
  <datafield tag="650" ind1=" " ind2="0">
    <subfield code="a">Capitalism.</subfield>
  </datafield>
  <datafield tag="650" ind1=" " ind2="0">
    <subfield code="a">Communism</subfield>
    <subfield code="x">History.</subfield>
  </datafield>
  <datafield tag="650" ind1=" " ind2="0">
    <subfield code="a">Democratization.</subfield>
  </datafield>
  <datafield tag="655" ind1=" " ind2="7">
    <subfield code="a">Electronic books.</subfield>
    <subfield code="2">local</subfield>
  </datafield>
  <datafield tag="710" ind1="2" ind2=" ">
    <subfield code="a">ebrary, Inc.</subfield>
  </datafield>
  <datafield tag="856" ind1="4" ind2="0">
    <subfield code="u">http://site.ebrary.com/lib/rucke/Doc?id=10235091</subfield>
    <subfield code="z">An electronic book accessible through the World Wide Web; click to view</subfield>
  </datafield>
  <datafield tag="999" ind1=" " ind2=" ">
    <subfield code="c">38675</subfield>
    <subfield code="d">38675</subfield>
  </datafield>
</record>
